|
|
|
|
| LEADER |
00000nab a2200000 a 4500 |
| 001 |
vtls000453081 |
| 003 |
SK-MaSNL |
| 005 |
20260303000417.0 |
| 008 |
150501c xo 0 slo |
| 015 |
|
|
|a SNBRB19rr/mm-uuuuu
|
| 035 |
|
|
|a CL0453212
|
| 040 |
|
|
|a SNKBUCL
|b slo
|c SNKBUCL
|e AACR2
|
| 041 |
0 |
|
|a slo
|
| 044 |
|
|
|a xo
|c SK
|
| 080 |
|
|
|a 101.9
|2 1981
|
| 080 |
|
|
|a 809.11
|2 1981
|
| 080 |
|
|
|a 929 Achweitzer, Albert
|2 1981
|
| 100 |
1 |
|
|a Boor, Ján,
|d 1915-2002
|4 aut
|9 88134
|
| 245 |
1 |
0 |
|a Albert Schweitzer o indickom svetonázore
|c Ján Boor ; Albert Schweitzer
|
| 600 |
1 |
7 |
|a Schweitzer, Albert,
|d 1875-1965
|2 snkbucl
|9 121388
|
| 655 |
|
7 |
|a články z novín a časopisov
|2 snkbucl
|9 267496
|
| 773 |
0 |
|
|t Tvorba T
|g Roč. 2(11), č. 2 (1992), s. 6
|
| 850 |
|
|
|a Slovenská národná knižnica v Martine
|a MTA001
|
| 852 |
|
|
|a SNK
|b KIS3GCP
|
| 958 |
|
|
|a RK
|
| 958 |
|
|
|a DE
|
| 992 |
|
|
|a RBX
|
| 999 |
|
|
|c 1558613
|d 1560543
|